Statystyki dla Symbole wszystkich pierwiastków chemicznych

Kliknij tutaj aby rozwiązać quiz!

Ogólne statystyki

  • Ten quiz został rozwiązany 1 395 razy
    (1 394 od ostatniego zresetowania)
  • Średni wynik to 73 z 118

Statystyki odpowiedzi

Liczba atomowaPierwiastekSymbol% Poprawnych
1WodórH
100%
6WęgielC
99%
8TlenO
99%
5BorB
97%
9FluorF
97%
3LitLi
97%
12MagnezMg
97%
4BerylBe
96%
7AzotN
96%
10NeonNe
96%
16SiarkaS
96%
2HelHe
95%
17ChlorCl
94%
19PotasK
94%
18ArgonAr
92%
11SódNa
92%
26ŻelazoFe
91%
15FosforP
91%
35BromBr
90%
20WapńCa
90%
13GlinAl
89%
25ManganMn
88%
28NikielNi
88%
24ChromCr
87%
29MiedźCu
87%
36KryptonKr
85%
34SelenSe
85%
14KrzemSi
85%
32GermanGe
84%
33ArsenAs
83%
31GalGa
83%
30CynkZn
83%
37RubidRb
82%
47SrebroAg
80%
38StrontSr
80%
56BarBa
79%
53JodI
79%
27KobaltCo
78%
22TytanTi
77%
79ZłotoAu
73%
23WanadV
71%
82OłówPb
69%
84PolonPo
69%
50CynaSn
69%
41NiobNb
68%
21SkandSc
68%
63EuropEu
66%
80RtęćHg
66%
44RutenRu
66%
42MolibdenMo
65%
74WolframW
65%
54KsenonXe
65%
49IndIn
64%
57LantanLa
64%
88RadRa
64%
83BizmutBi
63%
46PalladPd
63%
78PlatynaPt
63%
43TechnetTc
63%
52TellurTe
63%
58CerCe
62%
39ItrY
62%
87FransFr
61%
77IrydIr
61%
76OsmOs
60%
81TalTl
60%
85AstatAt
58%
59PrazeodymPr
58%
75RenRe
58%
92UranU
58%
60NeodymNd
57%
48KadmCd
56%
68ErbEr
56%
64GadolinGd
56%
86RadonRn
56%
73TantalTa
56%
67HolmHo
55%
62SamarSm
54%
65TerbTb
54%
72HafnHf
53%
55CezCs
52%
61PrometPm
52%
95AmerykAm
51%
66DysprozDy
49%
71LutetLu
49%
93NeptunNp
49%
94PlutonPu
46%
40CyrkonZr
46%
51AntymonSb
45%
102NobelNo
41%
89AktynAc
38%
45RodRh
38%
97BerkelBk
37%
101MendelewMd
37%
99EinsteinEs
36%
105DubnDb
35%
108HasHs
35%
103LorensLr
35%
107BohrBh
34%
100FermFm
34%
98KalifornCf
32%
90TorTh
32%
91ProtaktynPa
31%
104RutherfordRf
31%
106SeaborgSg
31%
118OganesonOg
30%
109MeitnerMt
29%
110DarmsztadtDs
28%
111RoentgenRg
27%
70IterbYb
27%
113NihonNh
26%
114FlerowFl
25%
69TulTm
25%
112KopernikCn
24%
117TenesTs
24%
96KiurCm
22%
115MoskowMc
22%
116LiwermorLv
21%

Rozkład punktacji

Percentyl według liczby udzielonych odpowiedzi

Procent ludzi z każdym wynikiem

Twoja historia wyników

Nie rozwiązałeś tego quizu od ostatniego zresetowania